<?xml version="1.0" encoding="UTF-8"?>
<marc:record xmlns:marc="http://www.loc.gov/MARC21/slim">
   <marc:leader>00000nam a2200000 a 4500</marc:leader>
   <marc:datafield ind1="1" ind2=" " tag="100">
      <marc:subfield code="a">Lagrange, Pierre</marc:subfield>
      <marc:subfield code="4">aut</marc:subfield>
      <marc:subfield code="e">Verfasser/-in</marc:subfield>
   </marc:datafield>
   <marc:datafield ind1=" " ind2=" " tag="653">
      <marc:subfield code="a">Krimi</marc:subfield>
   </marc:datafield>
   <marc:datafield ind1=" " ind2=" " tag="653">
      <marc:subfield code="a">Mord</marc:subfield>
   </marc:datafield>
   <marc:datafield ind1=" " ind2=" " tag="653">
      <marc:subfield code="a">Advent</marc:subfield>
   </marc:datafield>
   <marc:datafield ind1=" " ind2=" " tag="653">
      <marc:subfield code="a">Sekte</marc:subfield>
   </marc:datafield>
   <marc:datafield ind1=" " ind2=" " tag="653">
      <marc:subfield code="a">Provence</marc:subfield>
   </marc:datafield>
   <marc:datafield ind1="0" ind2="0" tag="245">
      <marc:subfield code="a">Eiskalte Provence</marc:subfield>
   </marc:datafield>
   <marc:datafield ind1=" " ind2="1" tag="264">
      <marc:subfield code="b">Fischer  Taschenbuch Verl.</marc:subfield>
      <marc:subfield code="c">2020</marc:subfield>
   </marc:datafield>
   <marc:datafield ind1="1" ind2=" " tag="490">
      <marc:subfield code="a">ein neuer Fall für Albin Leclerc</marc:subfield>
   </marc:datafield>
   <marc:datafield ind1="1" ind2=" " tag="520">
      <marc:subfield code="a">Die Vorbereitungen für das Weihnachtsfest im Hause Leclerc laufen auf Hochtouren: überall duftet es nach französischen Köstlichkeiten und alles ist weihnachtlich geschmückt. Doch Albin ist alles andere als in Weihnachtsstimmung. Da kommt ihm die Anfrage der örtlichen Polizei gerade recht. Die Kollegen sind vor Weihnachten so überlastet, dass sie Albins Hilfe dieses Mal wirklich gebrauchen können. Denn in einer kleinen Hütte wurde eine junge Frau tot aufgefunden - eingehüllt in ein Brautkleid. Die Spuren führen den Ex-Commissaire zu einer Sekte, die Schreckliches plant ...</marc:subfield>
   </marc:datafield>
   <marc:datafield ind1=" " ind2=" " tag="020">
      <marc:subfield code="a">9783596001927</marc:subfield>
      <marc:subfield code="9">9783596001927</marc:subfield>
   </marc:datafield>
</marc:record>
